| 000 | 00467cam a2200193ua 4500 | ||
|---|---|---|---|
| 020 | _cRs 2.00 | ||
| 041 |
_ahin _h |
||
| 082 |
_a891.54 _bZWI/EK |
||
| 100 | _aZwig, Stephen . | ||
| 245 |
_aEk anjan aurat ka khat / _cStephen Zwig. _hTextual Documents |
||
| 250 |
_a1 / _b. |
||
| 260 |
_a : _bHind Pocket Books Pvt Ltd , _c1963. |
||
| 300 | _a112 ; . | ||
| 365 | _aRs 2.00 | ||
| 504 | _a | ||
| 942 | _cBK | ||
| 999 |
_c3601 _d3601 |
||